000 00552nam a2200205Ia 4500
005 20250508165104.0
008 008 250505s9999 xx 000 0 eng d
037 _aTextual
040 _aFEDL
_beng
_cFEDL
041 _aeng
_2eng
084 _a954, SHA
_qFEDL
100 _aSharma Ram Sharan
245 0 _aSocial changes in early medieval India
260 _aNew Delhi, India
_bPeople's Publishing House
_c1981
300 _a27p.
365 _aINR
_b9
546 _aMACESE
942 _cTEXL
_h954, SHA
999 _c1393091
_d1393091